000 00683nam a2200229 a 4500
008
049 _aMAIN
090 0 1 _aTA345
_bMOY
100 1 _aMoyle, Morton Peter.
245 1 0 _aIntroduction to computers for engineers /
_cMorton P. Moyle.
260 _aNew York :
_bWiley,
_c1967.
300 _axi, 271 p. :
_bill. ;
_c22 cm.
440 _aChemical engineering outlines.
504 _aIncludes bibliographical references.
500 _aIncludes index.
650 0 _aEngineering
_xData processing.
907 _a.b10088349
_b21-09-12
_c09-09-03
003
005 20230123133417.0
040 _cNUST
942 _cBOOKS
_kTA345
_mMOY
999 _c148127
_d148127